000
00265nam a2200097Ia 4500
001
642016
005
20250826153518.0
008
250824s9999 xx 000 0 und d
245
0
_a
KURTULUŞUN KAHRAMANLARI 16 HATİCE BACI
_c
İSMAİL BİLGİN
260
_b
TİMAŞ ÇOCUK
999
_c
642016
_d
642016